Alle PDC Darts Turniersieger 2012 - Statistiken

Allgemein
  • Dieses Quiz wurde 50 mal gespielt
  • Das Durchschnittsergebnis liegt bei 35 aus 44
Antwortstatistiken
Turnier Land Dartsspieler % Korrekt
UK Open Qualifier 2 Niederlande Michael van Gerwen
100%
PDPA Players Championship Birmingham 2 Niederlande Michael van Gerwen
100%
PDPA Players Championship Barnsley 1 Niederlande Michael van Gerwen
100%
PDPA Players Championship Ireland 1 Niederlande Michael van Gerwen
100%
World Grand Prix Niederlande Michael van Gerwen
100%
Killarney Pro Tour 2 Niederlande Michael van Gerwen
100%
PDPA Players Championship Crawley 6 Niederlande Michael van Gerwen
100%
PDPA Players Championship Barnsley 4 Niederlande Michael van Gerwen
100%
PDPA Players Championship Reading 1 England Phil Taylor
100%
UK Open Qualifier 3 England Phil Taylor
100%
UK Open Qualifier 4 England Phil Taylor
100%
Premier League England Phil Taylor
100%
PDC German Darts Championship England Phil Taylor
100%
World Matchplay England Phil Taylor
100%
Championship Of Darts England Phil Taylor
100%
Players Championship Finals England Phil Taylor
100%
World Darts Championship England Adrian Lewis
97%
PDC German Darts Masters England Adrian Lewis
97%
UK Open Qualifier 5 Niederlande Raymond van Barneveld
94%
UK Open Qualifier 6 Niederlande Raymond van Barneveld
94%
PDC European Darts Open Niederlande Raymond van Barneveld
94%
Grand Slam Of Darts Niederlande Raymond van Barneveld
94%
Gleneagle Irish Darts Masters Schottland Gary Anderson
88%
PDPA Players Championship Barnsley 2 Australien Simon Whitlock
88%
European Championship Australien Simon Whitlock
88%
PDC Dutch Darts Masters Australien Simon Whitlock
88%
PDPA Players Championship Crawley 5 Australien Simon Whitlock
88%
Killarney Pro Tour 1 Schottland Peter Wright
82%
UK Open Schottland Robert Thornton
76%
PDPA Players Championship Ireland 2 Schottland Robert Thornton
76%
PDPA Players Championship Spain 2 England Michael Smith
71%
PDPA Players Championship Reading 2 England Dave Chisnall
59%
PDPA Players Championship Crawley 1 England Dave Chisnall
59%
PDPA Players Championship Crawley 2 England Dave Chisnall
59%
PDPA Players Championship Barnsley 3 England Dave Chisnall
59%
PDPA Players Championship Crawley 1 England Dave Chisnall
56%
UK Open Qualifier 1 England Wes Newton
44%
UK Open Qualifier 8 England Wes Newton
44%
UK Open Qualifier 7 England Terry Jenkins
41%
PDPA Players Championship Spain 1 England Justin Pipe
35%
PDC Austrian Darts Open England Justin Pipe
35%
PDPA Players Championship Crawley 2 England Colin Lloyd
29%
PDPA Players Championship Birmingham 1 England Ronnie Baxter
18%
PDC Youth World Championship England James Hubbard
9%
Keine übereinstimmenden Quizze gefunden
Verteilung der Resultate
Anzahl Personen mit jedem Resultat
Perzentil nach korrekt beantworteten Fragen
Ihre Resultats-Entwicklung
Sie haben dieses Quiz noch nicht gespielt